Investície prinesú úspory

Úspory energie by mali byť v záujme každého prevádzkovateľa. Realizácia úspor energie vo väčšom rozsahu si žiada investície, ktoré si zvyčajne môže dovoliť len veľký prevádzkovateľ. Výstavba nových prevádzok s cieľom minimalizácie spotreby energie. Šetrenie energie a ochrana životného prostredia. Še...

Full description

Saved in:
Bibliographic Details
Main Author: Vojtková, Viera
Format: Book Chapter
Language:Slovak
Subjects:
Tags: Add Tag
No Tags, Be the first to tag this record!

MARC

LEADER 00000naa$a2200000$$$4500
001 0112197
005 20231109065930.3
041 0 |a slo 
044 |a SK 
245 1 0 |a Investície prinesú úspory  |c Viera Vojtková 
520 |a Úspory energie by mali byť v záujme každého prevádzkovateľa. Realizácia úspor energie vo väčšom rozsahu si žiada investície, ktoré si zvyčajne môže dovoliť len veľký prevádzkovateľ. Výstavba nových prevádzok s cieľom minimalizácie spotreby energie. Šetrenie energie a ochrana životného prostredia. Šetrenie energie vo sfére obchodu. 
610 2 0 |a spotreba energie 
610 2 0 |a úspory energie 
610 2 0 |a investície 
610 2 0 |a ochrana prostredia životného 
610 2 0 |a obchod 
100 1 |a Vojtková, Viera